Southville International School and Colleges
Your cart is empty.
  • Cart
  • Lists
    Public lists Eva Luna New books Lux_list list_1
    Your lists Log in to create your own lists
  • Log in to your account
  • Your cookies
  • Search history
Southville International School and Colleges
  • Advanced search
  • Recent comments
  • Most popular
  • Libraries

Log in to your account

Log in with GOOGLE


If you do not have an external account, but do have a local account, you can still log in:

  1. Home
  2. MARC view: Physics investigations :
Normal view MARC view ISBD view

Physics investigations : (Record no. 2977)

[ view plain ]
MARC details
000 -LEADER
fixed length control field 00664nam a22002177a 4500
003 - CONTROL NUMBER IDENTIFIER
control field OSt
005 - DATE AND TIME OF LATEST TRANSACTION
control field 20151203152448.0
008 - FIXED-LENGTH DATA ELEMENTS--GENERAL INFORMATION
fixed length control field 130621t xxu||||| |||| 00| 0 eng d
050 ## - LIBRARY OF CONGRESS CALL NUMBER
Classification number QC 35
Item number .K41 2008 vol. 3
082 ## - DEWEY DECIMAL CLASSIFICATION NUMBER
Classification number IB 530.02
Item number K46 2008
100 ## - MAIN ENTRY--PERSONAL NAME
Personal name Kerr, Gregg
245 ## - TITLE STATEMENT
Title Physics investigations :
Statement of responsibility, etc by Gregg Kerr., edited by David Greig
Remainder of title : for the use with the IB diploma programme : vol 3 relevant to the option topics
250 ## - EDITION STATEMENT
Edition statement 3rd edition
260 ## - PUBLICATION, DISTRIBUTION, ETC. (IMPRINT)
Place of publication, distribution, etc Victoria, Australia :
Name of publisher, distributor, etc IBID Press,
Date of publication, distribution, etc c2008
300 ## - PHYSICAL DESCRIPTION
Extent xiv, 76 p. :
Other physical details ll. ;
Dimensions 28 cm.
562 ## - COPY AND VERSION IDENTIFICATION NOTE
Number of copies 3
942 ## - ADDED ENTRY ELEMENTS (KOHA)
Source of classification or shelving scheme Library of Congress Classification
Koha item type Books
Holdings
Withdrawn status Lost status Source of classification or shelving scheme Damaged status Home library Current library Shelving location Date acquired Source of acquisition Total Checkouts Full call number Barcode Date last seen Price effective from Koha item type
    Library of Congress Classification   Luxembourg Library Luxembourg Library International Baccalaureate Section 06/21/2013 Donation   QC 35 .K41 2008 vol.3 16746 08/13/2013 06/21/2013 Books

Physics investigations :

APA

Kerr G., . (2008). Physics investigations. Victoria, Australia: IBID Press.

Chicago

Kerr Gregg, . 2008. Physics investigations. Victoria, Australia: IBID Press.

Harvard

Kerr G., . (2008). Physics investigations. Victoria, Australia: IBID Press.

MLA

Kerr Gregg, . Physics investigations. Victoria, Australia: IBID Press. 2008.

  • Place hold
  • Print
  • Cite
  • Add to your cart (remove)
  • Save record
    BIBTEX Dublin Core MARCXML MARC (non-Unicode/MARC-8) MARC (Unicode/UTF-8) MARC (Unicode/UTF-8, Standard) MODS (XML) RIS
  • More searches
    Search for this title in:
    Other Libraries (WorldCat) Other Databases (Google Scholar) Online Stores (Bookfinder.com) Open Library (openlibrary.org)

Exporting to Dublin Core...

SOUTHVILLE LIBRARY

Southville International School and Colleges Library

1281 Tropical Ave. Cor. Luxembourg St., BF Homes International, Las Pinas City

Tel. No. 8256374 / 252358 Loc. 117/146

Powered by Koha